Falses memóries de Salvador Orlan (Record no. 142564)

MARC details
000 -LEADER
campo de control de longitud fija 00608nam a2200193 i 4500
001 - NÚMERO DE CONTROL
campo de control 142564
003 - IDENTIFICADOR DE NÚMERO DE CONTROL
campo de control ES-MaACL
005 - FECHA Y HORA DE LA ÚLTIMA TRANSACCIÓN
campo de control 20250907063113.0
007 - CAMPO FIJO DE DESCRIPCIÓN FÍSICA--INFORMACIÓN GENERAL
campo de control de longitud fija t|
008 - DATOS DE LONGITUD FIJA--INFORMACIÓN GENERAL
campo de control de longitud fija 071008s1967 sp ||||1| cat d
100 1# - ENTRADA PRINCIPAL--NOMBRE DE PERSONA
Nombre de persona Villalonga, Llorenç,
Fechas asociadas al nombre 1897-1980
9 (RLIN) 114975
245 10 - MENCIÓN DEL TÍTULO
Título Falses memóries de Salvador Orlan
Resto del título : novel-la /
Mención de responsabilidad, etc. Lorenzo Villalonga.
260 ## - PUBLICACIÓN, DISTRIBUCIÓN, ETC.
Lugar de publicación, distribución, etc. Barcelona :
Nombre del editor, distribuidor, etc. Club Editor,
Fecha de publicación, distribución, etc. 1967.
300 ## - DESCRIPCIÓN FÍSICA
Extensión 239 p. ;
Dimensiones 18 cm.
490 1# - MENCIÓN DE SERIE
Mención de serie Club dels novel-listes ;
Designación de volumen o secuencia 41
830 0# - PUNTO DE ACCESO ADICIONAL DE SERIE-TÍTULO UNIFORME
Título uniforme Club dels novel-listes ;
Designación de volumen o secuencia 41
9 (RLIN) 181515
852 ## - LOCALIZACIÓN
Ubicación ES-MaACL
Número de control de estantería C-50278
Sublocalización o colección R.71651
Holdings
Estatus retirado Estado de pérdida Estado de daño No para préstamo Biblioteca de origen Biblioteca actual Ubicación en estantería Fecha de adquisición Fuente de adquisición Total de préstamos Signatura topográfica completa Código de barras Visto por última vez Precio de reemplazo Tipo de ítem Koha
        Biblioteca del Ateneo de Madrid Biblioteca del Ateneo de Madrid Depósito 2 17/01/2008     C-50278 1148338 23/02/2023 23/02/2023 Libro impreso